|
|
|
|
| LEADER |
01713nam a2200421 i 4500 |
| 001 |
EBC4938373 |
| 003 |
MiAaPQ |
| 005 |
20200122155104.0 |
| 006 |
m o d | |
| 007 |
cr cnu|||||||| |
| 008 |
200122s2017 be ob 000 0 fre d |
| 020 |
|
|
|z 9782806265357
|
| 020 |
|
|
|a 9782806265340
|q (electronic bk.)
|
| 035 |
|
|
|a (MiAaPQ)EBC4938373
|
| 035 |
|
|
|a (Au-PeEL)EBL4938373
|
| 035 |
|
|
|a (CaPaEBR)ebr11421074
|
| 035 |
|
|
|a (OCoLC)989872391
|
| 040 |
|
|
|a MiAaPQ
|b eng
|e rda
|e pn
|c MiAaPQ
|d MiAaPQ
|
| 050 |
|
4 |
|a HF5728.F8
|b .D364 2017
|
| 082 |
0 |
|
|a 448.002465
|2 23
|
| 100 |
1 |
|
|a Damel, Magalie,
|e author.
|
| 245 |
1 |
0 |
|a Emailing et newsletters :
|b Toutes les cles pour une communication performante /
|c Magalie Damel.
|
| 264 |
|
1 |
|a Bruxelles :
|b 50Minutes.fr,
|c [2017]
|
| 264 |
|
4 |
|c 2017
|
| 300 |
|
|
|a 1 online resource (27 pages).
|
| 336 |
|
|
|a text
|b txt
|2 rdacontent
|
| 337 |
|
|
|a computer
|b c
|2 rdamedia
|
| 338 |
|
|
|a online resource
|b cr
|2 rdacarrier
|
| 490 |
0 |
|
|a Coaching Pro
|
| 504 |
|
|
|a Includes bibliographical references.
|
| 588 |
|
|
|a Description based on print version record.
|
| 590 |
|
|
|a Electronic reproduction. Ann Arbor, MI : ProQuest, 2018. Available via World Wide Web. Access may be limited to ProQuest affiliated libraries.
|
| 650 |
|
0 |
|a Commercial correspondence, French.
|
| 650 |
|
0 |
|a Electronic mail marketing.
|
| 655 |
|
4 |
|a Electronic books.
|
| 776 |
0 |
8 |
|i Print version:
|a Damel, Magalie.
|t Emailing et newsletters : Toutes les cles pour une communication performante.
|d Bruxelles : 50Minutes.fr, c2017
|h 27 pages
|k Coaching Pro
|z 9782806265357
|
| 797 |
2 |
|
|a ProQuest (Firm)
|
| 856 |
4 |
0 |
|u https://ebookcentral.proquest.com/lib/matrademy/detail.action?docID=4938373
|z Click to View
|